Welcome to WEB OPAC of MRSPTU Central Library

Monochrome and colour television (Record no. 4153)

MARC details
000 -LEADER
fixed length control field 00388nam a2200145Ia 4500
008 - FIXED-LENGTH DATA ELEMENTS--GENERAL INFORMATION
fixed length control field 230711s9999||||xx |||||||||||||| ||und||
041 ## - LANGUAGE CODE
Language code of text/sound track or separate title ENG
082 ## - DEWEY DECIMAL CLASSIFICATION NUMBER
Classification number 621.388
Item number GU-M
100 ## - MAIN ENTRY--PERSONAL NAME
Personal name Gulati,RR
245 #0 - TITLE STATEMENT
Title Monochrome and colour television
250 ## - EDITION STATEMENT
Edition statement 1st . . . . Ed.
260 ## - PUBLICATION, DISTRIBUTION, ETC.
Date of publication, distribution, etc. 2003
Place of publication, distribution, etc. New Delhi
Name of publisher, distributor, etc. New Age International Publishers
650 ## - SUBJECT ADDED ENTRY--TOPICAL TERM
Topical term or geographic name entry element Electronics Engineering
942 ## - ADDED ENTRY ELEMENTS (KOHA)
Koha item type Book
Holdings
Withdrawn status Lost status Damaged status Not for loan Collection Home library Current library Date acquired Total checkouts Full call number Barcode Date last seen Price effective from Koha item type
          MRSPTU Central Library MRSPTU Central Library     621.388 GU-M 13991 08/17/2023 08/17/2023 Book
          MRSPTU Central Library MRSPTU Central Library     621.388 GU-M 13992 08/17/2023 08/17/2023 Book
          MRSPTU Central Library MRSPTU Central Library     621.388 GU-M 13993 08/17/2023 08/17/2023 Book
          MRSPTU Central Library MRSPTU Central Library     621.388 GU-M 13994 08/17/2023 08/17/2023 Book
          MRSPTU Central Library MRSPTU Central Library     621.388 GU-M 13995 08/17/2023 08/17/2023 Book

Website Designed and Developed by MRSPTU Central Library Team

E-mail Id: librarian@mrsptu.ac.in